Túlzsúfolt óvodák és bölcsődék
Elmentve itt :
| Szerző: | |
|---|---|
| Dokumentumtípus: | Cikk |
| Megjelent: |
1968-05-26
|
| Sorozat: | Délmagyarország
58 No. 122 |
| Kulcsszavak: | Óvoda igénye Szeged 1968, Bölcsőde igénye Szeged 1968, óvodák, bölcsődék |
| Online Access: | http://dmarchiv.bibl.u-szeged.hu/73497 |
| LEADER | 00528nab a2200157 i 4500 | ||
|---|---|---|---|
| 001 | delm73497 | ||
| 005 | 20180928082609.0 | ||
| 008 | 180928s1968 hu o 0|| hun d | ||
| 040 | |a SZTE Délmagyarország Archívum |b hun | ||
| 041 | |a hun | ||
| 100 | 1 | |a Gazdagh István | |
| 245 | 1 | 0 | |a Túlzsúfolt óvodák és bölcsődék |h [elektronikus dokumentum] / |c Gazdagh István |
| 260 | |c 1968-05-26 | ||
| 300 | |a 3 | ||
| 490 | 0 | |a Délmagyarország |v 58 No. 122 | |
| 695 | |a Óvoda igénye Szeged 1968, Bölcsőde igénye Szeged 1968, óvodák, bölcsődék | ||